[Event "Sun Pawn B"]
[Site "Illichevsk UKR"]
[Date "2008.07.21"]
[Round "2"]
[White "Kagramanianz,V"]
[Black "Puchkov,A"]
[Result "0-1"]
[WhiteElo "2251"]
[BlackElo "2267"]

1.e4 c5 2.Nf3 d6 3.Bb5+ Bd7 4.Bxd7+ Nxd7 5.O-O Ngf6 6.Re1 e6 7.c4 Be7 8.d4 cxd4
9.Nxd4 O-O 10.b3 a6 11.Nc3 Rc8 12.Bb2 Qc7 13.Qd2 Rfd8 14.Rad1 Ne5 15.Qe2 Qa5
16.f4 Nc6 17.Nxc6 Rxc6 18.e5 Ne8 19.exd6 Rcxd6 20.Rxd6 Bxd6 21.Rf1 Nf6 22.Kh1 Qf5
23.g3 Bc5 24.Rd1 Rxd1+ 25.Qxd1 h5 26.Qb1 Qh3 27.Qe1 Ng4 28.Qe2 Nf2+ 29.Kg1 Ne4+  0-1

[Event "ch-AUT"]
[Site "Leoben AUT"]
[Date "2008.07.21"]
[Round "3"]
[White "Kreisl,R"]
[Black "Ragger,M"]
[Result "0-1"]
[WhiteElo "2337"]
[BlackElo "2527"]

1.e4 c5 2.Nf3 d6 3.Bb5+ Nc6 4.O-O Bd7 5.Nc3 e6 6.Re1 Be7 7.d4 cxd4 8.Nxd4 Nf6
9.Bg5 O-O 10.Bxc6 bxc6 11.e5 dxe5 12.Nf3 Bc8 13.Qxd8 Rxd8 14.Nxe5 Bb7 15.Na4 h6
16.Be3 Bd6 17.Bd4 c5 18.Nxc5 Bd5 19.Nb3 a5 20.Rad1 a4 21.Nc1 Rac8 22.c3 Rb8
23.c4 Ba8 24.c5 Bc7 25.Nc4 Nd5 26.Nb6 Bc6 27.Nxd5 Rxd5 28.Bc3 Rxc5 29.Nd3 Rh5
30.g3 Rbb5 31.h4 Bb7 32.Nb4 Rhf5 33.Nc2 Rfd5 34.Rxd5 Rxd5 35.Ne3 Rd3 36.Rd1 Rxd1+
37.Nxd1 Bd5 38.a3 Bb3 39.Ne3 h5 40.Kf1 e5 41.Ke2 f6 42.Kd3 Kf7 43.Nf1 g5
44.hxg5 fxg5 45.Ke4 Ke6 46.Ne3 Ba2 47.Kf3 Bd5+ 48.Ke2 Bb6 49.Bd2 Bb7 50.Nd1 h4
51.gxh4 gxh4 52.Kf1 Kf5 53.Kg1 Kg4 54.Kh2 Bc8 55.Bc3 Bc7 56.Ne3+ Kf3 57.Nc4 e4+
58.Kg1 h3 59.Nd2+ Ke2 60.Nxe4 h2+ 61.Kg2 Bh3+ 62.Kh1 Kf1 63.Nd2+ Kxf2 64.Bd4+ Kg3
65.Ne4+ Kf3 66.Ng5+ Kg4 67.Nxh3 Kxh3 68.Bc3 Kg3 69.Bd4 Kf3 70.Bc3 Ke2 71.Kg2 Kd3
72.Kh1 Kc2 73.Kg2 Kb3 74.Bd4 Bf4 75.Bf6 Bc1 76.Kxh2 Bxb2 77.Bg5 Bxa3 78.Kg2 Bb4  0-1

[Event "19th Czech Chladek & Tintera A Open"]
[Site "Pardubice CZE"]
[Date "2008.07.21"]
[Round "4"]
[White "Kanovsky,D"]
[Black "Hracek,Z"]
[Result "1/2-1/2"]
[WhiteElo "2409"]
[BlackElo "2625"]

1.e4 c5 2.Nf3 d6 3.Bb5+ Nc6 4.Bxc6+ bxc6 5.O-O Bg4 6.h3 Bh5 7.d3 Nf6 8.Nbd2 Nd7
9.Qe1 f6 10.Nh2 Bf7 11.f4 g6 12.Ndf3 Bg7 13.e5 dxe5 14.fxe5 Nxe5 15.Nxe5 Qd4+
16.Rf2 Qxe5 17.Qxe5 fxe5 18.Be3 c4 19.dxc4 Bxc4 20.b3 Be6 21.Rd1 Rf8 22.Re2 Bf5
23.Bf2 h5 24.Nf3 Bxh3 25.Nxe5 Bxe5 26.Rxe5 Bf5 27.c4 a6 28.Bc5 Rf7 29.Rde1 e6
30.Rd1 Rd7 31.Rxd7 Kxd7 32.Be3 a5 33.Bd2 a4 34.Ra5 Rxa5 35.Bxa5 a3 36.Bb4 Bb1
37.Bxa3 Bxa2 38.c5 Bxb3 39.Bb2 Kc7 40.Be5+ Kb7 41.Kf2 Ka6 42.Ke3 Kb5 43.Kd4 Kb4
44.g3 Bd5 45.Bf6 Kb3 46.Be7 Kc2 47.Ke5 Kd3 48.Kf6 Bb3 49.Bd6 Kd4 50.Kxg6 e5
51.Kxh5 e4 52.g4 e3 53.g5 e2 54.Bg3 Kxc5 55.g6 Kd4 56.Kg4 Bd5 57.Be1 c5 58.Kg3 Ke3
59.g7 c4 60.Ba5  1/2-1/2

[Event "Politiken Cup"]
[Site "Helsingor DEN"]
[Date "2008.07.22"]
[Round "5"]
[White "Hansen,SuB"]
[Black "Berg,E"]
[Result "1/2-1/2"]
[WhiteElo "2542"]
[BlackElo "2592"]

1.e4 c5 2.Nf3 d6 3.Bb5+ Bd7 4.Bxd7+ Qxd7 5.c4 Nf6 6.Nc3 g6 7.d4 cxd4 8.Nxd4 Bg7
9.h3 O-O 10.O-O Rc8 11.b3 d5 12.exd5 Nxd5 13.Nxd5 e6 14.Bh6 exd5 15.Bxg7 Kxg7
16.cxd5 Qxd5 17.Qg4 Nc6 18.Rad1 Rd8 19.Nxc6  1/2-1/2

[Event "Canadian Open"]
[Site "Montreal CAN"]
[Date "2008.07.22"]
[Round "4"]
[White "Rathnakaran,K"]
[Black "Swathi,G"]
[Result "1/2-1/2"]
[WhiteElo "2453"]
[BlackElo "2351"]

1.e4 c5 2.Nf3 d6 3.Bb5+ Nd7 4.O-O Nf6 5.Re1 a6 6.Bf1 b6 7.c3 Bb7 8.d3 g6
9.Nbd2 Bg7 10.d4 cxd4 11.cxd4 O-O 12.h3 Rc8 13.b3 Rc7 14.Ba3 Re8 15.Qe2 Qa8
16.e5 dxe5 17.dxe5 Nd5 18.e6 Nf8 19.exf7+ Kxf7 20.Rac1 Rxc1 21.Rxc1 b5 22.Re1 Kg8
23.Ne4 Ne6 24.Nc5 Nef4 25.Qe4 Bc8 26.Ne5 Bf5 27.Qf3 Rc8 28.g3 b4 29.Bc1 Nxh3+
30.Bxh3 Bxh3 31.Qf7+ Kh8 32.Ne6 Bxe5 33.Ng5 Bg7 34.Nxh3 Rc2 35.Qf3 Qc8 36.Qxd5 Rxc1
37.Rxc1 Qxc1+ 38.Kg2 Bf6 39.Qa8+ Kg7 40.Qxa6 g5 41.Qe2 Qc6+ 42.Kh2 Qd5 43.Ng1 Kf8
44.Nf3 Bc3 45.Qe3 h6 46.Ne1 Bxe1 47.Qxe1 Qd4 48.Kg2 e5 49.Qe2 Kg7 50.Qc2 Qd5+
51.Kg1 Qd4 52.Kf1 Kf6 53.Qc6+ Kg7 54.Qb7+ Kg6 55.Qa6+ Kg7 56.Qe6 Qd3+ 57.Kg1 Qd1+
58.Kg2 Qd4 59.a4 bxa3 60.Qe7+ Kg6 61.Qxa3 Qe4+ 62.Kh2 h5 63.Qd6+ Kg7 64.Qe7+ Kg6
65.Qe8+ Kh6 66.Qf8+ Kg6 67.Qg8+ Kh6 68.Qf7 h4 69.Qf6+ Kh5 70.Qf7+ Kh6 71.Qe6+  1/2-1/2

[Event "ch-AUT"]
[Site "Leoben AUT"]
[Date "2008.07.23"]
[Round "5"]
[White "Neumeier,K"]
[Black "Kleiser,G"]
[Result "1/2-1/2"]
[WhiteElo "2294"]
[BlackElo "2329"]

1.e4 c5 2.Nf3 d6 3.Bb5+ Bd7 4.Bxd7+ Qxd7 5.c4 g6 6.O-O Bg7 7.d4 cxd4 8.Nxd4 Nf6
9.Nc3 O-O 10.f3 Rc8 11.b3  1/2-1/2

[Event "Canadian Open"]
[Site "Montreal CAN"]
[Date "2008.07.23"]
[Round "5"]
[White "Rozentalis,E"]
[Black "Yoos,J"]
[Result "1/2-1/2"]
[WhiteElo "2599"]
[BlackElo "2366"]

1.e4 c5 2.Nf3 d6 3.Bb5+ Nd7 4.d4 Nf6 5.Nc3 cxd4 6.Qxd4 a6 7.Bxd7+ Bxd7 8.Bg5 e6
9.Rd1 Bc6 10.O-O Be7 11.Rfe1 O-O 12.Qd3 Qc7 13.Nd4 Rfd8 14.Qg3 Kh8 15.Rd3 h6
16.Qh4 Ng8 17.Bxe7 Nxe7 18.Rg3 Rg8 19.Rd1 Be8 20.Rh3 b5 21.Qf4 Kh7 22.e5 dxe5
23.Qe4+ Ng6 24.Nxe6 Qa7 25.Ng5+ Kh8 26.Rd6 Qe7 27.Rxg6 fxg6 28.Qxa8 Qxg5
29.Re3 b4 30.Ne4 Qg4 31.Re1 Qe6 32.Qb8 a5 33.b3 g5 34.Qc7 Qd5 35.c4 bxc3
36.Nxc3 Qd2 37.Qxe5 Bg6 38.Qe3 Qb2 39.Qc1 Qxc1 40.Rxc1 Rd8 41.Re1 Rd2 42.Re2 Rd3
43.Re3 Rd2 44.g4 Rc2 45.Kf1 Kg8 46.Ke1 Rc1+ 47.Nd1 Ra1 48.Re2 Bb1 49.a4 Kf7
50.Rb2 Ke6 51.Ke2 Ke5 52.Ke3 Bg6 53.Nc3 Rc1 54.Ne2 Rd1 55.f4+ gxf4+ 56.Nxf4 Be4
57.b4 g5 58.Ne2 Rd3+ 59.Kf2 Rf3+ 60.Kg1 axb4 61.Rxb4 Ra3 62.Rb5+ Bd5 63.a5 Ke4
64.Kf2 Bc4 65.Ng3+ Kd3 66.Re5 Ra2+ 67.Re2 Rxa5 68.Ne4 Re5  1/2-1/2

[Event "Dutch Open"]
[Site "Dieren NED"]
[Date "2008.07.24"]
[Round "3"]
[White "Sandipan,C"]
[Black "Munnik,T"]
[Result "1-0"]
[WhiteElo "2588"]
[BlackElo "1965"]

1.e4 c5 2.Nf3 d6 3.Bb5+ Bd7 4.Bxd7+ Qxd7 5.c4 Nf6 6.Nc3 g6 7.d4 cxd4 8.Nxd4 Bg7
9.f3 O-O 10.Be3 Nc6 11.Rc1 Qd8 12.b3 Qa5 13.O-O Rac8 14.Kh1 Rfd8 15.Qd2 Rd7
16.Nxc6 bxc6 17.Bg5 Ne8 18.Rfd1 Nc7 19.Bh6 Bh8 20.f4 Rcd8 21.f5 d5 22.exd5 cxd5
23.g4 Qb4 24.Na4 Qxd2 25.Rxd2 dxc4 26.Rxd7 Rxd7 27.Rxc4 Be5 28.Kg2 Rd4 29.Be3 Rxc4
30.bxc4 a6 31.Bb6 Na8 32.Bd8 Kf8 33.Nc5 Bc7 34.Bxc7 Nxc7 35.Kf3 Kg7 36.Kf4 gxf5
37.gxf5 Kf6 38.a3 Kg7 39.h4 Kh6 40.Kg4 Kg7 41.a4 Kh6 42.a5 Kg7 43.Kg5 Kg8
44.Kh6 Kh8 45.Ne4 Ne8 46.c5 Kg8 47.c6 Nc7 48.f6 exf6 49.Nxf6+ Kf8 50.Nxh7+ Ke7
51.Ng5 f6 52.Nf3 Kd6 53.Kg7  1-0

[Event "41st Festival MTO"]
[Site "Biel SUI"]
[Date "2008.07.25"]
[Round "5"]
[White "Nezad,H"]
[Black "Jenni,F"]
[Result "1/2-1/2"]
[WhiteElo "2372"]
[BlackElo "2544"]

1.e4 c5 2.Nf3 d6 3.Bb5+ Nd7 4.d4 Nf6 5.Nc3 cxd4 6.Qxd4 e5 7.Qd3 h6 8.Be3 a6
9.Bc4 Qc7 10.a4 Nc5 11.Bxc5 Qxc5 12.O-O Be7 13.Nd5 Nxd5 14.Bxd5 Rb8 15.Ra3 O-O
16.Rc3 Qa5 17.Qc4 Bd8 18.Ra1 Bd7 19.b4 Qb6 20.a5 Qa7 21.Qd3 Rc8 22.Rxc8 Bxc8
23.Bb3 Be7 24.Nd2 d5 25.Bxd5 Bxb4 26.Nc4 Qd4 27.Rb1 Qc5 28.Nxe5 Bxa5 29.Qc4 Qxc4
30.Nxc4 Bc3 31.Nd6 Be6 32.Rxb7 a5 33.Ra7 Bb4 34.Nc4 Rc8 35.Ne3 Bc5 36.Rxa5 Bxe3
37.fxe3 Rxc2 38.Ra8+ Kh7 39.Ra6 Re2 40.Bxe6 fxe6 41.Rxe6 Kg8 42.Kf1 Rxe3
43.Kf2 Ra3 44.h4 Kf7 45.Rb6 h5 46.Rb5 g6 47.Rd5 Rb3 48.Rd2 Ra3 49.Re2 Ke6
50.Re3 Ra1 51.Kg3 Ke5 52.Rb3 Kxe4  1/2-1/2

[Event "Dutch Open"]
[Site "Dieren NED"]
[Date "2008.07.25"]
[Round "4"]
[White "Laarhoven,T"]
[Black "Boulahfa,H"]
[Result "1-0"]
[WhiteElo "2219"]
[BlackElo "1985"]

1.e4 c5 2.Nf3 d6 3.Bb5+ Bd7 4.Bxd7+ Qxd7 5.c4 Nf6 6.Nc3 Nc6 7.d4 cxd4 8.Nxd4 e6
9.O-O Be7 10.Nc2 O-O 11.b3 Rfd8 12.Ne3 a6 13.f3 Qc7 14.Qd2 Rd7 15.Bb2 Rad8
16.Rfd1 Qa5 17.Qe2 Bf8 18.Na4 Be7 19.Rac1 Qg5 20.Qf2 Nh5 21.Nb6 Rc7 22.Kh1 Ne5
23.g3 Qg6 24.Bxe5 dxe5 25.Rxd8+ Bxd8 26.Rd1 Be7 27.b4 Nf6 28.Qd2 h5 29.Ng2 Ne8
30.c5 Qg5 31.Qe2 a5 32.a3 axb4 33.axb4 Qh6 34.Qb5 Nf6 35.Nc4 Qg5 36.Qb6 Rd7
37.Rf1 Kh7 38.Qa5 Qg6 39.Nxe5 Bd8 40.Nxg6 Bxa5 41.Nf8+  1-0

[Event "Dutch Open"]
[Site "Dieren NED"]
[Date "2008.07.25"]
[Round "4"]
[White "Hendriks,W"]
[Black "Pavlovic,Milos"]
[Result "1-0"]
[WhiteElo "2425"]
[BlackElo "2515"]

1.e4 c5 2.Nf3 d6 3.Bb5+ Nc6 4.Bxc6+ bxc6 5.O-O e5 6.c3 Nf6 7.d4 Qc7 8.dxe5 dxe5
9.Qa4 Nd7 10.Be3 Be7 11.Nbd2 a5 12.Nc4 Ba6 13.Nfd2 Bb5 14.Qc2 a4 15.f4 O-O
16.Rf3 Rad8 17.Re1 Rfe8 18.Rf2 h6 19.Qd1 Nf6 20.Qf3 exf4 21.Bxf4 Qd7 22.Ne3 Bd3
23.Nf5 Bf8 24.Re3 Re6 25.h3 Kh7 26.g4 Bc2 27.h4 Rde8 28.Ng3 c4 29.g5 Ng8
30.Qg4 Bc5 31.Qf5+ Kh8 32.Qxc5 Bd3 33.Nxc4 Bxc4 34.Qxc4 Qd1+ 35.Qf1 Qg4 36.Qg2 Rd8
37.Nf5 Rd1+ 38.Kh2  1-0

[Event "Politiken Cup"]
[Site "Helsingor DEN"]
[Date "2008.07.25"]
[Round "8"]
[White "Malakhov,V"]
[Black "Kuzubov,Y"]
[Result "1/2-1/2"]
[WhiteElo "2689"]
[BlackElo "2578"]

1.e4 c5 2.Nf3 d6 3.Bb5+ Nc6 4.O-O Bd7 5.Re1 Nf6 6.c3 a6 7.Ba4 b5 8.Bc2 Bg4
9.d3 e6 10.Nbd2 Be7 11.h3 Bh5 12.Nf1 O-O 13.Ng3 Bxf3 14.Qxf3 b4 15.Ne2 Qa5
16.Rd1 Rfc8 17.Bd2 Qb6 18.Qg3 Rab8 19.Rab1 d5 20.exd5 Nxd5 21.c4 Nf6 22.Bh6 Bf8
23.Bg5 Be7 24.Bh6 Bf8  1/2-1/2

[Event "Politiken Cup"]
[Site "Helsingor DEN"]
[Date "2008.07.25"]
[Round "8"]
[White "Van Zutphen,J"]
[Black "Johansson,Al"]
[Result "1-0"]
[WhiteElo "2201"]
[BlackElo "2060"]

1.e4 c5 2.Nf3 d6 3.Bb5+ Bd7 4.Bxd7+ Qxd7 5.c4 Nf6 6.Nc3 Nc6 7.d4 cxd4 8.Nxd4 a6
9.f3 h5 10.Be3 g6 11.Qd2 Bg7 12.O-O O-O 13.Rac1 Rfc8 14.Nde2 Ne5 15.b3 b5
16.Nd5 Nxd5 17.cxd5 h4 18.h3 Rxc1 19.Rxc1 Nxf3+ 20.gxf3 Qxh3 21.Rf1 Be5 22.Bf4 Rc8
23.Bxe5 dxe5 24.Rf2 Kg7 25.f4 Qg4+ 26.Kh2 b4 27.Qe3 f6 28.fxe5 fxe5 29.Qh3 Qxh3+
30.Kxh3 Rc2 31.Kxh4 Rxa2 32.Rg2 Rb2 33.Nf4 Rxg2 34.Nxg2 e6 35.d6  1-0

[Event "Politiken Cup"]
[Site "Helsingor DEN"]
[Date "2008.07.25"]
[Round "8"]
[White "Aabling Thomsen,J"]
[Black "Hansen,Mads3"]
[Result "1-0"]
[WhiteElo "2275"]
[BlackElo "2041"]

1.e4 c5 2.Nf3 d6 3.Bb5+ Bd7 4.Bxd7+ Qxd7 5.O-O Nf6 6.Re1 Nc6 7.c3 e6 8.d3 Be7
9.Nbd2 O-O 10.Nf1 Rad8 11.Ng3 Ne5 12.d4 Nxf3+ 13.Qxf3 d5 14.e5 Ne8 15.Qg4 f5
16.exf6 Rxf6 17.Bf4 Bd6 18.Nh5 Rg6 19.Qh3 cxd4 20.cxd4 Nc7 21.Be5 Bxe5 22.Rxe5 Re8
23.Rae1 Qa4 24.Qc3 Qd7 25.Qb3 Qb5 26.Qc3 Qd7 27.g3 Rh6 28.Qe3 Qf7 29.Nf4 Kf8
30.Qa3+ Re7 31.Qxa7 Rf6 32.Qb8+ Re8 33.Qxb7 h6 34.h4 Rxf4 35.gxf4 Qg6+ 36.Kf1 Qd3+
37.Kg2 Re7 38.Qb8+ Kf7 39.Qb3 Qxd4 40.Qf3 Ne8 41.f5 Nf6 42.fxe6+ Kg8 43.h5 Qxb2
44.R1e2 Qb8 45.a4 Qd6 46.Qf5 Qb4 47.Rc2 Qxa4 48.Rc8+ Ne8 49.Rxd5  1-0

[Event "Stara Pazova"]
[Site "Stara Pazova SRB"]
[Date "2008.07.25"]
[Round "3"]
[White "Kosanovic,G"]
[Black "Sertic,Ru"]
[Result "1/2-1/2"]
[WhiteElo "2393"]
[BlackElo "2405"]

1.e4 c5 2.Nf3 d6 3.Bb5+ Bd7 4.Bxd7+ Qxd7 5.O-O Nc6 6.c3 d5 7.exd5 Qxd5 8.d4 e6
9.Be3 Nf6 10.dxc5 Rd8 11.Qe2 Bxc5 12.c4 Qf5 13.Bxc5 Qxc5 14.Nc3 Nd4 15.Nxd4 Rxd4
16.b3 O-O 17.Rfd1 Rfd8 18.Nb5 Rxd1+ 19.Rxd1 Rxd1+ 20.Qxd1 a6 21.Qd8+ Qf8
22.Qxf8+ Kxf8 23.Nd6 b6  1/2-1/2

[Event "83rd ch-ARG s/f"]
[Site "Buenos Aires ARG"]
[Date "2008.07.26"]
[Round "7"]
[White "Gallego,G"]
[Black "Mavrich,L"]
[Result "1-0"]
[WhiteElo "2070"]
[BlackElo "2192"]

1.e4 c5 2.Nf3 d6 3.Bb5+ Bd7 4.Bxd7+ Qxd7 5.c4 Qg4 6.O-O Qxe4 7.d4 cxd4 8.Nxd4 b6
9.Re1 Qb7 10.Nb5 Kd8 11.N1c3 a6 12.Nd4 Nf6 13.Bg5 Nbd7 14.Qe2 e6 15.Rad1 Rc8
16.a4 Rc5 17.Ne4 Rc8 18.b4 h6 19.Bh4 g5 20.Nxf6 Nxf6 21.Bg3 Qd7 22.b5 Be7
23.Nc6+ Rxc6 24.bxc6 Qxc6 25.Qb2 Ke8 26.Bxd6 Bxd6 27.Qxf6 Rh7 28.Rd3 Be7
29.Qe5 Kf8 30.Red1 Qxc4 31.Rc3  1-0

[Event "ch-AUT"]
[Site "Leoben AUT"]
[Date "2008.07.26"]
[Round "8"]
[White "Neumeier,K"]
[Black "Bachler,R"]
[Result "1-0"]
[WhiteElo "2294"]
[BlackElo "2248"]

1.e4 c5 2.Nf3 d6 3.Bb5+ Nd7 4.d4 a6 5.Bxd7+ Bxd7 6.dxc5 dxc5 7.Ne5 Be6 8.Qxd8+ Rxd8
9.Be3 Nf6 10.Nc3 b6 11.a4 Rc8 12.f3 g6 13.a5 b5 14.Nd3 Nd7 15.Ne2 Bg7 16.Rb1 O-O
17.b3 c4 18.Nb4 cxb3 19.cxb3 Nb8 20.Bb6 f5 21.O-O fxe4 22.fxe4 Rxf1+ 23.Kxf1 Be5
24.g3 Bd6 25.Nd3 Bh3+ 26.Ke1 e5 27.Kd2 Bg2 28.Nc3 b4 29.Nd5 Kf7 30.Nf2 Ke6
31.Ne3 Bf3 32.Nc4 Nd7 33.Ke3 Nxb6 34.axb6 Rf8 35.Nxd6 Kxd6 36.Rc1 Bg2 37.b7 Rb8
38.Rg1 Bxe4 39.Nxe4+ Kc6 40.Ra1 Kxb7 41.Nc5+  1-0

[Event "19th Czech Chladek & Tintera A Open"]
[Site "Pardubice CZE"]
[Date "2008.07.26"]
[Round "9"]
[White "Chernyshov,K"]
[Black "Simacek,P"]
[Result "1-0"]
[WhiteElo "2565"]
[BlackElo "2470"]

1.e4 c5 2.Nf3 d6 3.Bb5+ Bd7 4.a4 Nf6 5.d3 Nc6 6.O-O e6 7.b3 Be7 8.Bb2 O-O
9.Nbd2 b6 10.Nc4 a6 11.Bxc6 Bxc6 12.e5 dxe5 13.Nfxe5 Bb7 14.a5 b5 15.Nb6 Rb8
16.Qe1 Qd6 17.f4 Bd8 18.Qg3 Bxb6 19.Nd7 Qxd7 20.Bxf6 g6 21.axb6 h6 22.Rae1 Kh7
23.Re5 Rg8 24.Rf2 c4 25.bxc4 bxc4 26.h3 cxd3 27.cxd3 Bd5 28.Qh4 Rxb6 29.Bg5 Rb1+
30.Kh2 Rh8 31.Rc2 a5 32.Bxh6 Kg8 33.f5 Rb4 34.Qg5 Kh7 35.fxg6+ fxg6 36.Rf2 Qe8
37.Qe3 a4 38.Bg5 Rf8 39.Bf6 Rb7 40.Qg3 Rxf6 41.Qh4+ Kg8 42.Qxf6 a3 43.Rg5 Rg7
44.h4 a2 45.Rxd5 exd5 46.Rxa2 Qe3 47.Qd8+ Kh7 48.Qxd5 Re7 49.Ra4 Qf2 50.Qg5 Re1
51.Rg4 Qg1+ 52.Kh3 Re3+ 53.Rg3 Qh1+ 54.Kg4 Qd1+ 55.Kf4 Re6 56.Rf3 Qe1 57.Kg4 Kg7
58.Qf4 Qe2 59.Kh3 Re8 60.Qf6+ Kh6 61.d4 Qe1 62.Kh2 Kh7 63.h5  1-0

[Event "ch-AUT"]
[Site "Leoben AUT"]
[Date "2008.07.27"]
[Round "9"]
[White "Kreisl,R"]
[Black "Schwarhofer,C"]
[Result "1/2-1/2"]
[WhiteElo "2337"]
[BlackElo "2227"]

1.e4 c5 2.Nf3 d6 3.Bb5+ Bd7 4.Bxd7+ Qxd7 5.c4 Nc6 6.Nc3 g6 7.d4 cxd4 8.Nxd4 Bg7
9.Be3 Nf6 10.h3 O-O 11.O-O Nxd4 12.Bxd4 Qe6  1/2-1/2

[Event "9th Epetium Open"]
[Site "Stobrec CRO"]
[Date "2008.07.27"]
[Round "2"]
[White "Plenkovic,Z"]
[Black "Paradjina,D"]
[Result "1-0"]
[WhiteElo "2346"]
[BlackElo "1972"]

1.e4 c5 2.Nf3 d6 3.Bb5+ Bd7 4.Bxd7+ Qxd7 5.c4 Nf6 6.Nc3 e5 7.d3 h6 8.Nd2 Nc6
9.Nf1 Qg4 10.Qxg4 Nxg4 11.Nd5 O-O-O 12.f3 Nf6 13.Nxf6 gxf6 14.Ne3 Rg8 15.Kf2 Ne7
16.g4 Rh8 17.h4 Bg7 18.h5 Rdg8 19.Bd2 Kd7 20.b4 b6 21.a4 Nc6 22.a5 cxb4 23.axb6 axb6
24.Nf5 Bf8 25.Rhb1 Kc7 26.Ne3 Be7 27.Nd5+ Kb7 28.Bxb4 Nxb4 29.Rxb4  1-0

[Event "83rd ch-ARG s/f"]
[Site "Buenos Aires ARG"]
[Date "2008.07.28"]
[Round "9"]
[White "Gallego,G"]
[Black "Calderon Fernandez,G"]
[Result "0-1"]
[WhiteElo "2070"]
[BlackElo "2303"]

1.e4 c5 2.Nf3 d6 3.Bb5+ Bd7 4.Bxd7+ Qxd7 5.c4 Nc6 6.Nc3 g6 7.d4 cxd4 8.Nxd4 Bg7
9.Nde2 Nf6 10.f3 O-O 11.O-O Qd8 12.Be3 Qa5 13.Qd2 a6 14.Nd4 Nxd4 15.Bxd4 Rfc8
16.Qd3 Qb4 17.Bxf6 Bxf6 18.Nd5 Qxb2 19.Rfd1 b5 20.cxb5 Rc2 21.Ne3 Rc3 22.Qd5 Rac8
23.Rab1 Qe2 24.Nf1 axb5 25.Rd2 Qc4  0-1

[Event "Dutch Open"]
[Site "Dieren NED"]
[Date "2008.07.29"]
[Round "7"]
[White "Sandipan,C"]
[Black "Pavlovic,Milos"]
[Result "1/2-1/2"]
[WhiteElo "2588"]
[BlackElo "2515"]

1.e4 c5 2.Nf3 d6 3.Bb5+ Bd7 4.Bxd7+ Qxd7 5.c4 Nc6 6.Nc3 g6 7.d4 cxd4 8.Nxd4 Nf6
9.f3 Nxd4 10.Qxd4 Bg7 11.O-O O-O 12.Qd3 Rfc8 13.Be3 Qd8 14.Rac1 a6 15.b3 Nd7
16.Bg5 Bf6 17.Bh6 Bg7 18.Bxg7 Kxg7 19.f4 Nf6 20.Nd5 e6 21.Nxf6 Qxf6 22.Qxd6 Rd8
23.Qb6 Rd2 24.Rf2 Rad8 25.Rcf1 R8d4 26.e5 Qe7 27.Rxd2 Rxd2 28.a4 Qd7 29.h3 h5
30.a5 h4 31.b4 Rc2 32.Qd6 Qa4 33.Qe7 Qc6 34.Qf6+ Kg8 35.Qd8+ Kg7 36.Rf3 Rc1+
37.Kh2 Rc2 38.Qf6+  1/2-1/2

[Event "Sun Pawn A"]
[Site "Illichevsk UKR"]
[Date "2008.07.29"]
[Round "9"]
[White "Itkis,B"]
[Black "Poleshchuk,D"]
[Result "1/2-1/2"]
[WhiteElo "2447"]
[BlackElo "2183"]

1.e4 c5 2.Nf3 d6 3.Bb5+ Bd7 4.Bxd7+ Nxd7 5.O-O Ngf6 6.Qe2 e6 7.c4 Be7 8.d4 cxd4
9.Nxd4 O-O 10.Nc3 a6 11.b3 Qc7 12.Bb2 Rfe8 13.Rac1 Rac8 14.Kh1 Qc5 15.Rcd1 Qh5
16.Qxh5 Nxh5 17.g3 Nhf6 18.Rfe1 Rc7 19.Kg2 Rec8 20.Rc1 Nc5 21.Rcd1 Ncd7 22.f3 Nb8
23.Re3 Nc6 24.Nde2 Nb4 25.Nd4 Nc6 26.Nc2 Na7 27.Ba3 Ne8 28.Nb4 a5 29.Nbd5 exd5
30.Nxd5 Nc6 31.f4 Nb4 32.Bxb4 axb4 33.Nxc7 Nxc7 34.e5 dxe5 35.Rd7 Bc5 36.Rxe5 Ne8
37.Rxb7 Kf8 38.Kf3 Nf6  1/2-1/2

[Event "95th ch-GBR"]
[Site "Liverpool ENG"]
[Date "2008.07.29"]
[Round "2"]
[White "Briscoe,C"]
[Black "James,Dav"]
[Result "1-0"]
[WhiteElo "2232"]
[BlackElo "2177"]

1.e4 c5 2.Nf3 d6 3.Bb5+ Nd7 4.O-O a6 5.Bxd7+ Bxd7 6.d4 cxd4 7.Qxd4 e5 8.Qd3 h6
9.c4 Nf6 10.Nc3 Be7 11.Rd1 Qc7 12.b3 Be6 13.Nh4 O-O 14.Nf5 Bxf5 15.exf5 b5
16.cxb5 d5 17.b6 Qc6 18.Qg3 d4 19.Na4 Nd7 20.Bb2 Qe4 21.Re1 Qh4 22.Qf3 Bb4
23.Rec1 e4 24.Qg3 Qxg3 25.hxg3 d3 26.Rc7 Rfd8 27.Bd4 Bd6 28.Rc6 Be5 29.Rc4 Nxb6
30.Bxe5 Nxc4 31.bxc4 f6 32.Bf4 Rd4 33.Kf1 Rc8 34.Be3 Rdd8 35.Nb6 Rc6 36.c5 Re8
37.Ke1 Re5 38.g4 h5 39.gxh5 Rxf5 40.h6 gxh6 41.Kd2 h5 42.Rh1 Kf7 43.Rh4 Re6
44.Nc4 Kg6 45.Nd6 Rfe5 46.Rh1 Re7 47.Rc1 Rc7 48.Rc4 f5 49.c6 Ra5 50.a4  1-0

[Event "13th Open"]
[Site "Creon FRA"]
[Date "2008.07.30"]
[Round "4"]
[White "Lebon,J"]
[Black "Tauro Brocq,J"]
[Result "1-0"]
[WhiteElo "1975"]
[BlackElo "1613"]

1.e4 c5 2.Nf3 d6 3.Bb5+ Bd7 4.Bxd7+ Qxd7 5.O-O Nc6 6.c3 d5 7.e5 e6 8.d4 c4
9.b3 b5 10.a4 Na5 11.Nbd2 b4 12.cxb4 Bxb4 13.bxc4 dxc4 14.Nxc4 Nxc4 15.Qb3 Nxe5
16.Nxe5 Qd6 17.Qf3  1-0

[Event "13th Open"]
[Site "Creon FRA"]
[Date "2008.07.31"]
[Round "5"]
[White "Ippolito,M"]
[Black "Babaev,Ra"]
[Result "1/2-1/2"]
[WhiteElo "2272"]
[BlackElo "2484"]

1.e4 c5 2.Nf3 d6 3.Bb5+ Nd7 4.d4 Nf6 5.Nc3 cxd4 6.Qxd4 e5 7.Qd3 h6 8.Nd2 Be7
9.Nc4 O-O 10.Bxd7 Bxd7 11.Ne3 Rc8 12.O-O Rc5 13.Ned5 Nxd5 14.exd5 f5 15.Be3 e4
16.Qd2 Rc4 17.Ne2 Bf6 18.c3 g5 19.Bd4 f4 20.Rfe1 Re8 21.b3 Rc8 22.c4 b5 23.Nc3 e3
24.fxe3 bxc4 25.exf4 cxb3 26.axb3 Rxe1+  1/2-1/2

[Event "Sun Pawn A"]
[Site "Illichevsk UKR"]
[Date "2008.07.31"]
[Round "11"]
[White "Dolzhikova,K"]
[Black "Poleshchuk,D"]
[Result "1-0"]
[WhiteElo "2339"]
[BlackElo "2183"]

1.e4 c5 2.Nf3 d6 3.Bb5+ Bd7 4.Bxd7+ Nxd7 5.O-O Ngf6 6.Qe2 e6 7.b3 Be7 8.Bb2 O-O
9.c4 a6 10.d4 cxd4 11.Nxd4 Qc7 12.Nc3 Rfe8 13.f4 b5 14.cxb5 Qa7 15.b6 Qxb6
16.Na4 Qb7 17.Rae1 d5 18.e5 Ne4 19.Nc3 Nxc3 20.Bxc3 Nc5 21.f5 Ne4 22.Bb2 Bc5
23.Kh1 Qb6 24.Rd1 exf5 25.Rxf5 f6 26.exf6 Ng3+ 27.hxg3 Rxe2 28.Nxe2 Qe6 29.Nd4 Qe4
30.f7+ Kf8 31.Rc1 Bd6 32.Rff1 Qe5 33.Rce1 Qxg3 34.Ne6+ Ke7 35.Nc5+ Kd8 36.f8=Q+ Bxf8
37.Rxf8+ Kc7 38.Be5+  1-0

[Event "95th ch-GBR"]
[Site "Liverpool ENG"]
[Date "2008.07.31"]
[Round "4"]
[White "Waters,C"]
[Black "Gibson,Ch"]
[Result "1-0"]
[WhiteElo "2096"]
[BlackElo "2003"]

1.e4 c5 2.Nf3 d6 3.Bb5+ Bd7 4.Bxd7+ Qxd7 5.O-O Nc6 6.c3 Nf6 7.Qe2 e6 8.d4 d5
9.exd5 Nxd5 10.c4 Nf6 11.d5 Nd8 12.Nc3 Bd6 13.Bg5 O-O 14.Bxf6 gxf6 15.Rad1 Kh8
16.dxe6 fxe6 17.Ne4 Nf7 18.Nxf6 Qe7 19.Nh5 Rad8 20.Qe3 Rg8 21.Ng3 Rg6 22.Qc3+ Kg8
23.Rfe1 Rd7 24.Nf5 Qd8 25.Nxd6 Rxd6 26.Rxd6 Qxd6 27.Qb3 Qc6 28.g3 Rf6 29.Ne5 Qd6
30.Nxf7 Rxf7 31.Rd1 Qe5 32.Qe3 Qxe3 33.fxe3 Rf3 34.Rd8+ Kg7 35.Rd7+ Kg6 36.Rxb7 Rxe3
37.Rxa7 Re1+ 38.Kf2 Rc1 39.b3 Rc2+ 40.Kf3 Rxh2 41.a4 Rc2 42.Rb7 Rc3+ 43.Kf4 h5
44.Rb6 Kf6 45.a5 Rc1 46.a6 Ra1 47.Rc6 Ra5 48.Ke4  1-0

[Event "IMD Prima Pack Cup"]
[Site "Olomouc CZE"]
[Date "2008.08.01"]
[Round "3"]
[White "Andersson,Fred2"]
[Black "Jurcik,Mari"]
[Result "1/2-1/2"]
[WhiteElo "2225"]
[BlackElo "2378"]

1.e4 c5 2.Nf3 d6 3.Bb5+ Nd7 4.O-O a6 5.Bxd7+ Bxd7 6.d4 cxd4 7.Qxd4 e5 8.Qd3 h6
9.c4 Nf6 10.Nc3 Be7 11.a4 O-O 12.b3  1/2-1/2

[Event "13th Open"]
[Site "Creon FRA"]
[Date "2008.08.02"]
[Round "8"]
[White "Drenchev,P"]
[Black "Inkiov,V"]
[Result "1/2-1/2"]
[WhiteElo "2450"]
[BlackElo "2446"]

1.e4 c5 2.Nf3 d6 3.Bb5+ Bd7 4.Bxd7+ Qxd7 5.c4 Nc6 6.Nc3 Nf6 7.O-O g6 8.d4 cxd4
9.Nxd4 Bg7 10.Nde2 O-O 11.f3 Rac8 12.Be3 e6 13.Qd2 Rfd8 14.Rfd1 Qe7 15.Bg5 Qf8
16.Rac1 h6 17.Bf4 Ne5 18.b3 g5 19.Be3 b6  1/2-1/2

[Event "Timisoara Cup IM"]
[Site "Timisoara ROM"]
[Date "2008.08.02"]
[Round "1"]
[White "Nemes,S"]
[Black "To,N"]
[Result "1-0"]
[WhiteElo "2273"]
[BlackElo "2322"]

1.e4 c5 2.Nf3 d6 3.Bb5+ Bd7 4.Bxd7+ Qxd7 5.O-O Nf6 6.Re1 Nc6 7.c3 e6 8.d4 cxd4
9.cxd4 d5 10.e5 Ne4 11.Nbd2 Nxd2 12.Bxd2 Be7 13.Rc1 O-O 14.Rc3 Rac8 15.a3 Rc7
16.Rd3 b5 17.h4 Nb8 18.Ng5 h6 19.Nf3 Qc6 20.Qe2 Qb6 21.Nh2 f5 22.exf6 Bxf6
23.Qg4 h5 24.Qxe6+ Qxe6 25.Rxe6 Bxh4 26.Nf3 Bf6 27.Rde3 Kf7 28.Rd6 Rd7 29.Bb4 Re8
30.Rc3 Rxd6 31.Bxd6 Nd7 32.Rc7 Ke6 33.Bb4 g5 34.Bc3 g4 35.Nd2 a5 36.Rc6+ Ke7
37.Nb3 a4 38.Nc5 Nxc5 39.Rxc5 Ke6 40.Rxb5 Ra8 41.Rb6+ Kf5 42.Rd6 Rf8 43.Ra6 h4
44.Rxa4 g3 45.Ra6 Bg5 46.a4 Re8 47.Kf1 Ke4 48.Rg6 Bf4 49.Rg4 Rh8 50.Bd2  1-0

[Event "5th Open"]
[Site "Kalamaria GRE"]
[Date "2008.08.03"]
[Round "2"]
[White "Zakarian,D"]
[Black "Berg,E"]
[Result "0-1"]
[WhiteElo "2346"]
[BlackElo "2592"]

1.e4 c5 2.Nf3 d6 3.Bb5+ Bd7 4.Bxd7+ Qxd7 5.O-O Nf6 6.e5 dxe5 7.Nxe5 Qc8 8.Qf3 e6
9.d3 Be7 10.Nc3 O-O 11.Bg5 Nd5 12.Bxe7 Nxe7 13.Rae1 Nbc6 14.Nxc6 Nxc6 15.Re3 Nd4
16.Qd1 Qc6 17.Qd2 Rfd8 18.Ne2 Nf5 19.Rh3 Qa4 20.a3 Rac8 21.Ng3 Nxg3 22.Rxg3 Qd4
23.c3 Qf6 24.Rf3 Qe7 25.Re1 Rd5 26.h3 Rcd8 27.Qf4 Qd7 28.Re5 Rxe5 29.Qxe5 Qd6
30.Qxd6 Rxd6 31.Re3 Kf8 32.Kf1 Ke7 33.Ke1 Rb6 34.Re2 Kd6 35.Kd1 e5 36.Kc2 f5
37.f3 Kd5 38.g4 Rf6 39.g5 Rg6 40.h4 h6 41.Rg2 Ke6 42.Kb3 hxg5 43.hxg5 Kd5
44.Ka4 c4 45.Rd2 cxd3 46.b3 Kc5  0-1